Simpsons Guest Stars by Picture - Statistics

General Stats
  • This quiz has been taken 13,978 times
  • The average score is 9 of 16
Answer Stats
Picture Answer % Correct
Serena Williams
95%
Stephen Hawking
77%
Elton John
76%
Dolly Parton
72%
Paul McCartney
71%
Stan Lee
62%
Mark Hamill
59%
"Weird" Al Yankovic
55%
Bono
52%
James Brown
51%
Leonard Nimoy
46%
Keith Richards
40%
Penn Jillette
38%
Richard Gere
31%
Steven Tyler
31%
Ron Howard
27%
No matching quizzes found
Score Distribution
Percent of People with Each Score
Percentile by Number Answered
Your Score History
You have not taken this quiz